000 01934cam a22006134i 4500
003 PE-LiUPU
005 20250731170407.0
008 150617s1991 mx a r 000 0 spa d
020 _a9682444411
020 _a9789682444418
035 _a(Sirsi) i9789682444418
040 _aPE-LiUPU
_bspa
_cPE-LiUPU
_dPE-LiUPU
_erda
049 _aPRUA
082 0 4 _a153
_bA49
_221
100 1 _aAmestoy de Sánchez, Margarita,
_eautor.
245 1 0 _aDesarrollo de habilidades del pensamiento :
_bcreatividad /
_cMargarita Amestoy de Sánchez.
264 1 _aMexico :
_bTrillas,
_c1991.
300 _a200 páginas :
_bilustraciones ;
_c30 centímetros.
336 _atext
_2rdacontent
337 _aunmediated
_2rdamedia
338 _avolume
_2rdacarrier
505 0 _aIntroducción a la creatividad -- Expansión y contracción de ideas -- Activación de procesos creativos -- Desarrollo de la inventiva.
526 _aSEG68
526 _aSEG70
526 _aSEG69
526 _aSEG67
526 _aSEG43
526 _aP144
526 _aP143
526 _aP131
526 _aP122
526 _aP120
526 _aP117
526 _aP112
526 _aP110
526 _aP106
526 _aP101
526 _aP80
526 _aP59
526 _aP54
526 _aP35
526 _aP33
526 _aP30
650 0 4 _aCognición.
_91884
650 0 4 _aHabilidad creativa.
_9974
650 0 4 _aIntelecto.
910 _ajck
942 _2ddc
_cBK
949 _a153 A49
_wDEWEY
_c1
_i57327
_lCCODEBUL1
_mBUL
_r0
_sY
_tBOOK
_u2015-6-17
_xSALUD
_0COMPRA
_o.STAFF. Colección Ciencias de la Salud
949 _a153.02 A49
_wDEWEY
_c2
_i38363
_lCCODEBUL1
_mBUL
_r0
_sY
_tBOOK
_u2015-6-17
_xSALUD
_zUNKNOWN
_0COMPRA
_o.STAFF. Colección General
999 _c4008
_d4008
980 _81
_gALBERTO SANCHEZ Responsable de Automatización